Statistics for Ultimate MCU quiz

Click here to take the quiz!

General Stats

  • This quiz has been taken 827 times
  • The average score is 25 of 47

Answer Stats

HintAnswer% Correct
Where is the Black Panther's base of operations?Wakanda
98%
Who plays Captain America in "Captain America: The First Avenger"?Chris Evans
97%
Where is Wakanda located?Africa
96%
Thor's hammer is made out of the metal from the heart of a dying...Star
86%
How many Infinity Stones are there in the MCU?6
82%
How Many Post Credits scenes are typically in a MCU film?2
80%
What is Sharon Carter's Agent Number?13
75%
What is the name of Mark Ruffalo's Character?Hulk
75%
What is the first movie to come out in the MCU?Iron Man
75%
Is Loki the brother of Thor?Yes
73%
Who is the villain in The Avengers?Loki
72%
Who is Gamora's sister?Nebula
72%
Who is Scarlet Witch's brother?Quicksilver
70%
What is the head of S.H.I.E.L.D named?Nick Fury
69%
In Infinity War, what is the villain's name?Thanos
69%
Who plays Peter Parker/Spider-man in "Spider-man: Homecoming"?Tom Holland
69%
How many One-Shot short films were made?5
68%
What is the name of the Second Avenger's Film?Avengers: Age of Ultron
68%
Who is the Winter Soldier?Bucky Barnes
68%
Who is T'Challa's sister?Shuri
67%
What is Scarlet Witch's real name?Wanda Maximoff
65%
Who is Tony Stark's assistant?Pepper Potts
64%
Where does Spider-man live?Queens
63%
What is the name of Paul Bettany's character?Vison and J.A.R.V.I.S
63%
What is the set of documents that regulates the activities of the enhanced persons?Sokovia Accords
62%
How Many MCU films have there been as of May 21, 2018?19
61%
Who plays T'ChallaChadwick Boseman
57%
In what country does Tony Stark get kidnapped?Afghanistan
50%
Aside from Stan Lee, which actor has appeared in the most MCU films?Robert Downey Jr.
48%
What is the last film of Phase 2?Ant-Man
47%
What is Dr. Strange's superhero name?Dr. Strange
46%
What was the first film of Phase Three of the MCU?Captain America: Civil War
40%
What is the name of Jane's sidekick played by Kat Dennings in Thor?Darcy Lewis
30%
What is the name of the terrorist organization that kidnapped Tony Stark in Afghanistan?Ten Rings
30%
How many versions of the Iron Man armor has Tony Stark made?47
28%
Who is Peter Quill's Mother?Meredith Quill
28%
What is the name of Ben Kingsley's Iron Man 3 character who was hired to play The Mandarin?Trevor Slattery
26%
Who is the villain in Black Panther?Eric Killmonger
24%
Who is Steve Roger's Best Friend?James Barnes
20%
What is Wong's, in Doctor Strange, name?Benedict Wong
18%
What does the acronym S.H.I.E.L.D. stand for?Strategic Homeland Intervention, Enforcement and Logistics Division
15%
Who did Tony Stark think Stan Lee was during his Iron Man cameo?Hugh Hefner
14%
What is the Battle in the first Avengers called?The Battle of New York
14%
Who died in the end credits scene in Infinity War?Maria Hill and Nick Fury
11%
In Guardians of the Galaxy, what is the name of the dog in the Collector Taneleer Tivan's museum?Cosmo the Spacedog
10%
Who plays the voice of the artificial intelligence in Peter Parker's spider-suit?Jennifer Connelly
9%
What movie did Thanos first appear in?Marvel's the Avengers
9%

Score Distribution

Percentile by Number Answered

Percent of People with Each Score

Your Score History

You have not taken this quiz